| 000 | 00393nam a2200133Ia 4500 | ||
|---|---|---|---|
| 008 | 231129s9999||||xx |||||||||||||| ||spa|| | ||
| 020 | _a958-42-0539-0 | ||
| 040 | _bspa | ||
| 082 | _a303.64 R499s | ||
| 100 | _aRichani Nazih | ||
| 245 | 0 | _aSistemas de guerra: La economía política del conflicto en Colombia | |
| 264 | _aPlaneta | ||
| 942 |
_2ddc _cBKS |
||
| 999 |
_c24683 _d24683 |
||